Năm trăm năm lịch Việt Nam (1544-2043)

Trình bày các vấn đề chung về lịch và lịch Việt Nam, lịch Việt Nam từ năm 1544 đến 2043, niên biểu lịch sử Việt Nam

Salvato in:
Dettagli Bibliografici
Autore principale: Lê, Thành Lân
Natura: Libro
Lingua:Undetermined
Pubblicazione: Hà Nội Nhà xuất bản Hà Nội 2010
Soggetti:
Tags: Aggiungi Tag
Nessun Tag, puoi essere il primo ad aggiungerne! !
Thư viện lưu trữ: Trung tâm Học liệu Trường Đại học Cần Thơ
LEADER 00743nam a2200193Ia 4500
001 CTU_167793
008 210402s9999 xx 000 0 und d
082 |a 529.09597 
082 |b L121 
100 |a Lê, Thành Lân 
245 0 |a Năm trăm năm lịch Việt Nam (1544-2043) 
245 0 |c Lê Thành Lân 
260 |a Hà Nội 
260 |b Nhà xuất bản Hà Nội 
260 |c 2010 
520 |a Trình bày các vấn đề chung về lịch và lịch Việt Nam, lịch Việt Nam từ năm 1544 đến 2043, niên biểu lịch sử Việt Nam 
650 |a Calendar, Vietnamese,Lịch Việt Nam 
904 |i Năm 
980 |a Trung tâm Học liệu Trường Đại học Cần Thơ